| 000 | 00428nam a22001337a 4500 | ||
|---|---|---|---|
| 020 | _a9781782143673 | ||
| 040 | _cNUST | ||
| 082 | _aREF 751.4 SID | ||
| 100 |
_aSIDAWAY, IAN _996869 |
||
| 245 | _aThe Practical Encyclopedia of Acrylics, Oils and Gouache | ||
| 260 |
_aUnited Kingdom: _bAnness Publishing Ltd, _c2019. |
||
| 650 |
_aThe Practical Encyclopedia of Acrylics, Oils and Gouache: Kids Sec REF _996870 |
||
| 942 |
_2ddc _cBK |
||
| 999 |
_c590909 _d590909 |
||